Francisco José Gasso, primer nieto de Zurbarán (Record no. 182494)

MARC details
000 -LEADER
campo de control de longitud fija 01040nam a2200241 i 4500
001 - NÚMERO DE CONTROL
campo de control 182494
003 - IDENTIFICADOR DE NÚMERO DE CONTROL
campo de control ES-MaACL
005 - FECHA Y HORA DE LA ÚLTIMA TRANSACCIÓN
campo de control 20250623173238.0
008 - DATOS DE LONGITUD FIJA--INFORMACIÓN GENERAL
campo de control de longitud fija 130909s2003 sp | |||| ||spa d
020 ## - NÚMERO INTERNACIONAL ESTÁNDAR DEL LIBRO
Número Internacional Estándar del Libro 84-932704-4-X
080 ## - NÚMERO DE LA CLASIFICACIÓN DECIMAL UNIVERSAL
Número de la Clasificación Decimal Universal 75 Zurbarán, Francisco de
080 ## - NÚMERO DE LA CLASIFICACIÓN DECIMAL UNIVERSAL
Número de la Clasificación Decimal Universal 929 Gasso, Francisco José
100 1# - ENTRADA PRINCIPAL--NOMBRE DE PERSONA
Nombre de persona Luna Pérez de Villar, Antonia.
9 (RLIN) 153360
245 10 - MENCIÓN DEL TÍTULO
Título Francisco José Gasso, primer nieto de Zurbarán
Resto del título : aportes documentales a su biografía e imagen : algunos aspectos de la infancia en las obras del maestro extremeño /
Mención de responsabilidad, etc. Antonia Luna Pérez de Villar.
260 ## - PUBLICACIÓN, DISTRIBUCIÓN, ETC.
Lugar de publicación, distribución, etc. [Badajoz] :
Nombre del editor, distribuidor, etc. Servicio de Publicaciones del Ayuntamiento de Badajoz,
Fecha de publicación, distribución, etc. [2003]
300 ## - DESCRIPCIÓN FÍSICA
Extensión 91 p. :
Otras características físicas il. col. ;
Dimensiones 25 cm.
600 14 - PUNTO DE ACCESO ADICIONAL DE MATERIA--NOMBRE DE PERSONA
Nombre de persona Zurbarán, Francisco de,
Fechas asociadas al nombre 1598-1664
9 (RLIN) 240980
600 14 - PUNTO DE ACCESO ADICIONAL DE MATERIA--NOMBRE DE PERSONA
Nombre de persona Gasso, Francisco José.
9 (RLIN) 153361
852 ## - LOCALIZACIÓN
Ubicación ES-MaACL
Número de control de estantería A-12886
itemnumber 189406
Sublocalización o colección R.149781
Ubicación en estantería Depósito 1
Signatura antigua Olim: N-5886
Encuadernación Donación: Real Academia Española
914 ## - NOMBRE ENTIDAD DE DONANTE
RLIN 6336
Nombre de congreso/reunión o jurisdicción como elemento de entrada Real Academia Española
Unidad subordinada Donante
942 ## - ELEMENTOS DE ENTRADA SECUNDARIOS (KOHA)
Fuente del sistema de clasificación o colocación Clasificación decimal universal
Tipo de ítem Koha Libro impreso
Holdings
Estatus retirado Estado de pérdida Fuente del sistema de clasificación o colocación Estado de daño No para préstamo Biblioteca de origen Biblioteca actual Ubicación en estantería Fecha de adquisición Fuente de adquisición Total de préstamos Signatura topográfica completa Código de barras Visto por última vez Precio de reemplazo Tipo de ítem Koha
    Clasificación decimal universal     Biblioteca del Ateneo de Madrid Biblioteca del Ateneo de Madrid Depósito 1 09/09/2013 Donación   A-12886 1191783 23/02/2023 23/02/2023 Libro impreso